书目信息 |
| 书名: | Marketing research essentials | |
| 作者: | Carl McDaniel, Jr., Roger Gates. | |
| 分册号: | ||
| 分册名: | 出版地: | Cincinnati, Ohio : |
|
| 出版社: | South-Western College Pub | |
| 出版时间: | c1998. | |
| 页数: | xxii, 462, [26] p. : | |
| 开本: | 26 cm. | |
| 丛书名: | ||
| 中图分类号: | ||
| 科图分类号: | ||
| 其他分类号: | F73 | |
| 主题词: | ||
| 电子资源: | ||
| 000 | 01016pam a2200289 a 450 | |
| 001 | E0738515952 | |
| 005 | 20070506104445.50 | |
| 008 | 970321s1998 ohua b 001 0 eng | |
| 010 | @a97012978 | |
| 020 | @a0538876697 (pbk. : alk. paper). | |
| 035 | @A(DLC) 97012978 | |
| 040 | @aDLC@cDLC@dDLC | |
| 050 | 00 | @aHF5415.2@b.M3825 1998 |
| 082 | 00 | @a658.8/3@2 21 |
| 090 | @aF73 | |
| 099 | @dF73@ex62=2 | |
| 100 | 1 | @aMcDaniel, Carl D. |
| 245 | 10 | @aMarketing research essentials / @cCarl McDaniel, Jr., Roger Gates. |
| 250 | @a2nd ed. | |
| 260 | @aCincinnati, Ohio :@bSouth-Western College Pub.,@cc1998. | |
| 300 | @axxii, 462, [26] p. :@bill. ;@c26 cm. | |
| 504 | @aIncludes bibliographical references and index. | |
| 650 | 0 | @aMarketing research. |
| 700 | 1 | @aGates, Roger H.,@d1942- |
| 906 | @a7@bcbc@corignew@d1@eocip@f19@gy-gencatlg | |
| 955 | @apc20 to sa00 03-21-97; se60 03-24-97/se01 03-26-97; se50 03-27-97; CIP ver. se45 09-27-97 | |
| 991 | @bc-GenColl@hHF5415.2@i.M3825 1998@tCopy 1@wBOOKS | |
| Marketing research essentials / / Carl McDaniel, Jr., Roger Gates.-2nd ed.-Cincinnati, Ohio : : South-Western College Pub., , c1998. |
| xxii, 462, [26] p. : : ill. ; ; 26 cm. |
| Includes bibliographical references and index. |
| ISBN 0538876697 (pbk. : alk. paper). |
| ● |
| 相关链接 |
|
|
|
|
正题名:Marketing research essentials
索取号:F73/x62=2
 
预约/预借
| 序号 | 登录号 | 条形码 | 馆藏地/架位号 | 状态 | 备注 |
| 1 | 7253 | 300072533 | 第二样本阅览室/ [索取号:F73/x62=2] | 在馆 | |
| 2 | 7254 | 300072542 | 第四借阅区/ [索取号:F73/x62=2] | 在馆 | |
| 3 | 7255 | 300072551 | 密集书库/ [索取号:F73/x62=2] | 在馆 | |
| 4 | 7256 | 300072560 | 密集书库/ [索取号:F73/x62=2] | 在馆 | |
| 5 | 7257 | 300072579 | 第四借阅区/ [索取号:F73/x62=2] | 在馆 |